Paesi che finiscono in N - Statistics

Statistiche generali
  • Questo quiz è stato fatto 814 volte
  • Il punteggio medio è 12 su 19
Statistiche sulle risposte
Paesi che finisce in N % Corretto
Afghanistan
88%
Pakistan
86%
Uzbekistan
86%
Kazakistan
85%
Turkmenistan
85%
Tagikistan
82%
Kirghizistan
79%
Iran
72%
Oman
67%
Yemen
62%
Azerbaigian
59%
Bhutan
58%
Sudan
53%
Benin
52%
Bahrein
44%
Gabon
41%
Taiwan
40%
Camerun
36%
Liechtenstein
30%
Nessun quiz corrispondente trovato
Distribuzione punteggi
Percentuale di utenti per punteggio
Percentile per numero di risposta
I tuoi punteggi nel tempo
Non hai fatto questo quiz